[Event "EU School-ch U15"]
[Site "Kallithea"]
[Date "2012.06.14"]
[Round "3.3"]
[White "Ismayilov, Nijat"]
[Black "Zeynalli, Miradil Mir Kazim"]
[Result "0-1"]
[WhiteElo "1667"]
[BlackElo "1979"]
[PlyCount "88"]
[EventDate "2012.06.13"]
[EventType "swiss"]
[EventRounds "9"]
[EventCountry "GRE"]
[SourceTitle "EXT 2024"]
[Source "ChessBase"]
[SourceDate "2023.10.10"]
[SourceVersion "1"]
[SourceVersionDate "2023.10.10"]
[SourceQuality "1"]

1. e4 c6 2. d4 d5 3. e5 Bf5 4. g4 Be4 5. f3 Bg6 6. h4 h5 7. g5 e6 8. Bd3 Bxd3 9. Qxd3 g6 10. Ne2 Nd7 11. Nd2 c5 12. c3 Ne7 13. f4 Nc6 14. Nf3 Qb6 15. 0-0 cxd4 16. Nfxd4 Bc5 17. Be3 Bxd4 18. Bxd4 Qc7 19. Rfe1 0-0 20. Qf3 Ne7 21. Ng3 Kg7 22. f5 Nxf5 23. Nxf5+ gxf5 24. Kh2 Kg6 25. Qe3 b6 26. Rad1 Nc5 27. Bxc5 bxc5 28. Rc1 a5 29. Qe2 Qd7 30. Red1 Qa4 31. c4 d4 32. b3 Qc6 33. a3 Rab8 34. Rb1 Rfd8 35. Qg2 Qe4 36. Qxe4 fxe4 37. Rf1 d3 38. Rf6+ Kg7 39. g6 fxg6 40. Rg1 Rd7 41. Rgxg6+ Kh8 42. Rg3 Rxb3 43. Kh3 a4 44. Rf1 d2 0-1

[Event "World School-ch U13 7th"]
[Site "Krakow"]
[Date "2011.05.08"]
[Round "9"]
[White "Duda, Jan Krzysztof"]
[Black "Ismayilov, Nijat"]
[Result "1-0"]
[WhiteElo "2300"]
[BlackElo "1000"]
[PlyCount "75"]
[EventDate "2011.04.30"]
[EventType "swiss"]
[EventRounds "9"]
[EventCountry "POL"]
[SourceTitle "CBM 142 Extra"]
[Source "ChessBase"]
[SourceDate "2011.06.27"]
[SourceVersion "1"]
[SourceVersionDate "2011.06.27"]
[SourceQuality "1"]

1. e4 e5 2. Nf3 Nc6 3. Bb5 a6 4. Ba4 Nf6 5. 0-0 Be7 6. Re1 b5 7. Bb3 0-0 8. h3 d6 9. c3 Nd7 10. d4 Bf6 11. d5 Ne7 12. c4 bxc4 13. Bxc4 Ng6 14. Nc3 Nb6 15. Bf1 Nf4 16. b3 Kh8 17. Ba3 g5 18. Nh2 Kg7 19. Be2 Rh8 20. Bg4 h5 21. Bxc8 Qxc8 22. Ne2 Qd7 23. Ng3 Rag8 24. Rc1 Bd8 25. Qc2 g4 26. h4 Kf8 27. Nf5 Ng6 28. Nf1 Ne7 29. N1e3 Rg6 30. g3 Rf6 31. Nxe7 Qxe7 32. Nf5 Qd7 33. Red1 Rg8 34. Bb4 Qb5 35. Bd2 Rxf5 36. a4 Qd7 37. exf5 Nxd5 38. Bh6+ 1-0